| 000 | 00453cam a2200169ua 4500 | ||
|---|---|---|---|
| 020 | _c4.40 | ||
| 041 |
_aeng _h |
||
| 082 |
_a421.5 _bRIP/EN |
||
| 100 | _aRipman, Walter . | ||
| 245 |
_aEnglish phonetics:A revised version of the sands of spoken English / _cWalter Ripman. _hTextual Documents |
||
| 260 |
_aLondon : _bJ M Dent and Sons Ltd , _c1965. |
||
| 300 | _a ; . | ||
| 365 | _a4.40 | ||
| 504 | _a | ||
| 942 | _cBK | ||
| 999 |
_c10971 _d10971 |
||